Integrovaný manažérsky systém prevádzky v sieti dodávateľov automobilového priemyslu diplomová práca

Saved in:
Bibliographic Details
Main Author: Kováč, Ladislav
Corporate Author: Podnikovohospodárska fakulta EU so sídlom v Košiciach. Katedra manažmentu
Other Authors: Majerník, Milan
Format: Book
Language:Slovak
Published: Košice 2015
Tags: Add Tag
No Tags, Be the first to tag this record!

MARC

LEADER 00000nbm a2200000 4500
001 0202140
005 20161212094344.8
041 0 |a slo 
044 |a SK 
245 1 0 |a Integrovaný manažérsky systém prevádzky v sieti dodávateľov automobilového priemyslu  |b diplomová práca  |c Ladislav Kováč ; školiteľ: Milan Majerník 
264 1 |a Košice  |c 2015 
300 |a 78 s. 
100 1 |a Kováč, Ladislav 
700 1 |a Majerník, Milan 
710 2 |a Podnikovohospodárska fakulta EU so sídlom v Košiciach. Katedra manažmentu